Inseln mit mehreren Ländern - Statistiken

Allgemein
  • Dieses Quiz wurde 159 mal gespielt
  • Das Durchschnittsergebnis liegt bei 17 aus 25
Antwortstatistiken
Inseln Land % Korrekt
Timor Ost Timor
93%
Usedom Deutschland
90%
Borneo, Pulau Sebatik Malaysia
90%
Neu Guinea Papua Neuguinea
90%
Usedom Polen
85%
Borneo Brunei
83%
Hispaniola Haiti
83%
Hans Island Dänemark
79%
Hispaniola Dominikanische Republik
79%
Saint Martin Frankreich
78%
Zypern Zypern
78%
Neu Guinea, Borneo, Timor, Pulau Sebatik Indonesien
76%
Saint Martin Niederlande
75%
Vanhasaari, Jähi, unbenannte Insel südöstlich von Peräluot Russland
75%
Irland, Zypern Vereinigtes Königreich
74%
Kataja, Vanhasaari, Jähi, unbekannte Insel südöstlich von Peräluot, Märket Finnland
72%
Kataja, Märket Schweden
69%
Hans Island Kanada
67%
Isla Grande de Tierra del Fuego Argentinien
58%
Isla Grande de Tierra del Fuego Chile
57%
Irland Irland
57%
Passport Island Saudi Arabien
23%
Passport Island Bahrain
21%
Nova Zemlya Ukraine
11%
K Island Rumänien
8%
Keine übereinstimmenden Quizze gefunden
Verteilung der Resultate
Anzahl Personen mit jedem Resultat
Perzentil nach korrekt beantworteten Fragen
Ihre Resultats-Entwicklung
Sie haben dieses Quiz noch nicht gespielt